טוען...

Music is a Gateway to the Soul: Exploring Ways of Utilising Music and Song Projects in Promoting Foreign Language Learning.

מידע ביבליוגרפי
מחבר ראשי: ALFRED NDHLOVU
פורמט: Journal Article
יצא לאור: Translation Today 2017
גישה מקוונת:http://10.26.1.76/ks/008067.pdf
LEADER 00479nam a2200121 4500
999 |c 183057  |d 183053 
100 |a ALFRED NDHLOVU  |9 156995 
245 |a Music is a Gateway to the Soul: Exploring Ways of Utilising Music and Song Projects in Promoting Foreign Language Learning.  
260 |b Translation Today  |c 2017 
300 |a p.93-118  |b Volume 11, Issue 2 
856 |u http://10.26.1.76/ks/008067.pdf 
942 |c JA 
952 |0 0  |1 0  |4 0  |7 0  |9 181766  |a MGUL  |b MGUL  |d 2019-06-04  |l 0  |r 2019-06-04  |w 2019-06-04  |y JA